Statistiques concernant Culture Générale Marvin n°5

Cliquez ici pour prendre le quiz!

Statistiques générales

  • Ce quiz a été pris 51 fois
  • Le résultat moyen est 10 sur 20

Statistiques - réponses

QuestionsRéponses% Correct
Quel est le tout premier mot dans le dictionnaire ?à
91%
Quel acteur compositeur est considérer comme une Icone du cinéma muet ?Charlie Chaplin
89%
Qui a écrit les Fleurs du Mal ?Charles Baudelaire
79%
Citez un état américains ayant abolie la peine de mortDistrict de Columbia / Alaska / Colorado / Connecticut / Dakota du Nord / Delaware / Hawaï / Illinois / Iowa / Maine / Maryland / Massachusetts / Michigan / Minnesota / New York / New Jersey / New Hampshire / Nouveau-Mexique / Rhode Island / Virginie / Vermont / Virginie-Occidentale / Washington / Wisconsin
79%
Quelle barrière naturelle sépare géographiquement l'Europe de L'Asie ?L'Oural
79%
Date de la prise de la bastille14 juillet 1789
72%
Qui a présenté le Big Dill ?Vincent Lagaf
68%
Complétez cette expression : "Un tiens vaut mieux..." cette expression veut dire qu'il faut mieux profiter d’un bien acquis mais modeste que de le risquer pour un bien supérieurQue deux tu l'auras
64%
Comment s'appelle le jeu de dé où l'on doit jeter 5 dés simultanément afin de remplir des missions pour gagner le plus de points possibleYam's / Yahtzee
64%
Quel est la déesse de la chasse chez les GrècquesArtémis
57%
Quel mathématicien du 17e siècle aurait affirmé dans une de ses théories à l'église que la terre tourneGalilée
53%
Quel nom donne-t-on à la zone représentant la cime des arbres d'un fôret ou d'une jungleCanopée
40%
Quel Président Français est mort d'un AVC durant une partie de jambes en l'airFélix Faure
40%
Quel était le nom donné à l'allemagne et ses alliés durant la première guerre mondiale ?Triple Alliance
38%
En quelle année la panthère rose a-t-elle fait sa première apparition télévisuelle1964
36%
Quel réseau social crée en 2012 et abandonnée en 2015 consistait à faire de petites vidéos courtes ?Vine
34%
Quel marque à commercialisé le premier téléphone portable fonctionnel (DYnaTAC 800X)Motorola
19%
Quel Américain à détenu le record du 100m avec un temps de 9s77 en 2006 avant d'être accusé de dopage et d'être suspendu à 8 ans de compétitionJustin Gatlin
17%
Quelle trilogie comique française soutenu par Pierre Mondy et Jean lefebvre se déroule durant la 2nd guerre mondiale et met en oeuvre le sergent-chef Chaudard et ses soldatsLa 7e Compagnie
11%
Quel est le nom du premier robot ayant obtenu la nationalité saoudienne a déjà fait des interview dans ce même paysSophia
4%

Distribution des résultats

Percentile par nombre de réponses

% des personnes avec chaque résultat

Votre développement - résultats

Vous n’avez pas pris ce quiz